000 00843nam a2200265Ia 4500
003 OSt
005 20221005042725.0
006 a|||||r|||| 00| 0
007 ta
008 221004b |||||||| |||| 00| 0 eng d
020 _a9781478006763 (pbk)
_cUKP 18.99
024 _a66939
037 _b8711, 17/12/2019, Efficient Book Distributors
_cTextual
040 _aCRL
_cCRL
_beng
041 _2eng
_aeng
082 _aR, R0
100 _aLapoujade David Au.
_9590803
245 0 _aWilliam James
_b empiricism and pragmatism
260 _aDurham
_bDuke University Press UK
_c2020
300 _axiv,147p.
_ccm.
650 _aPHILOSOPHY
700 _a Mamarre Thomas Tr.
_9590804
942 _hR, R0
_cTEXL
_2cc
999 _c950755
_d950755